000 00332nam a22001457a 4500
020 _a9788123904115
082 _a670.42 CHA
100 _aChapman, W.A.J.
_910212
245 _aWorkshop technology, part 2
250 _a4th
260 _aIndia
_bCBS
_c1995
300 _a395
650 _aWorkshop Technology
_962971
942 _cBK
999 _c576803
_d576803